000 00529nam a2200193Ia 4500
005 20250326145118.0
008 250326s9999 xx 000 0 und d
037 _aTextbook
040 _aFMSL
_beng
_cFMSL
041 _aeng
_2eng
084 _aX(U8).1 Q0
_qFMSL
100 _aDhar P N
245 0 _aHeritage, cultural and natural sites tourism
_cDhar P N
260 _aNew Delhi
_bNew Delhi, Kanishka
_c2010
365 _b1995
650 _aManagement
942 _cTB
_hX(U8).1 Q0
999 _c1306411
_d1306411